000 00641nam a2200205 i 4500
001 97234
003 ES-MaACL
007 t|
008 050708s1984 sp ||||1| spa d
100 1 _aMarañón, Luis.
_976315
245 1 0 _aCultura española y América hispana /
_cLuis Marañón; prólogo de Amaro González de Mesa.
260 _aMadrid :
_bEspasa Calpe,
_c1984.
300 _a214 p. ;
_c17 cm.
490 1 _aSelecciones austral ;
_v126
500 _aRet. aut.
700 1 _aGonzález de Mesa, Amaro.
_958566
830 0 _aSelecciones austral ;
_v126
_9176520
852 _aES-MaACL
_jL-6002
_bR.106594
999 _c97234
_d97234